| 000 | 00529nam a22001697a 4500 | ||
|---|---|---|---|
| 003 | SGT | ||
| 020 | _a9788122420920 | ||
| 082 | _a543, KHO | ||
| 100 | _aKHOPKAR S.M. | ||
| 245 | _aBASIC CONCEPTS OF ANALYTICAL CHEMISTRY | ||
| 250 | _a3RD | ||
| 260 |
_aNEW DELHI _bNEW AGE _c2014 |
||
| 300 | _a604 | ||
| 650 | _aANALYTICAL CHEMISTRY | ||
| 653 | _aINTRODUCTION, RELIABILITY OF ANALYTICAL DATA AND STATISTICAL ANALYSIS, SAMPLING IN ANALYSIS, GRAVIMETRIC ANALYSIS, REDOX TITRATIONS, SOLVENT EXTRACTION | ||
| 942 |
_2ddc _cFPS _04 |
||
| 999 |
_c9343 _d9343 |
||